| 000 | 00889nam a2200277 a 4500 | ||
|---|---|---|---|
| 001 | 4216103 | ||
| 003 | OSt | ||
| 005 | 20110722143038.0 | ||
| 008 | 830711s1981 at 001 0 eng | ||
| 010 | _a 81195383 | ||
| 020 | _a0409490458 | ||
| 040 |
_aDLC _cDLC _dDLC |
||
| 043 | _au-at--- | ||
| 050 | 0 | 0 | _aLAW |
| 082 | 0 | 0 |
_a349.94 _a349.4 _222 |
| 100 | 1 |
_aPearce, D. C. _q(Dennis Charles) _987 |
|
| 245 | 1 | 0 |
_aStatutory interpretation in Australia / _cby D.C. Pearce. |
| 250 | _a2nd ed. | ||
| 260 |
_aSydney : _bButterworths, _c1981. |
||
| 300 |
_axxxv, 208 p. ; _c24 cm. |
||
| 500 | _aIncludes index. | ||
| 650 | 0 |
_aLaw _zAustralia _xInterpretation and construction. _988 |
|
| 906 |
_a7 _bcbc _corignew _d3 _encip _f19 _gy-gencatlg |
||
| 942 |
_2ddc _cBK |
||
| 999 |
_c29 _d29 |
||